都道府県銃剣道連盟事務局のある市町村 - Statistics

General Stats
  • This quiz has been taken 15 times
  • The average score is 11 of 48
Answer Stats
都道府県 市町村 % Correct
青森県 八戸市
67%
福井県 福井市
50%
北海道 千歳市
42%
福島県 福島市
42%
栃木県 宇都宮市
42%
兵庫県 神戸市
42%
山口県 山口市
42%
宮城県 塩竈市
33%
秋田県 潟上市
33%
山形県 天童市
33%
奈良県 奈良市
33%
鳥取県 米子市
33%
島根県 出雲市
33%
愛媛県 松山市
33%
宮崎県 都城市
33%
鹿児島県 霧島市
33%
神奈川県 横須賀市
25%
富山県 氷見市
25%
石川県 野々市市
25%
岐阜県 大垣市
25%
和歌山県 和歌山市
25%
徳島県 阿南市
25%
香川県 善通寺市
25%
高知県 香南市
25%
佐賀県 佐賀市
25%
大分県 別府市
25%
岩手県 雫石町
17%
茨城県 石岡市
17%
埼玉県 熊谷市
17%
愛知県 春日井市
17%
滋賀県 彦根市
17%
京都府 福知山市
17%
全日本学生 大崎市
17%
千葉県 船橋市
8%
東京都 ふじみ野市
8%
新潟県 燕市
8%
山梨県 甲州市
8%
長野県 飯島町
8%
静岡県 御殿場市
8%
三重県 玉城町
8%
岡山県 奈義町
8%
広島県 海田町
8%
福岡県 筑紫野市
8%
長崎県 諫早市
8%
熊本県 合志市
8%
群馬県 吉岡町
0%
大阪府 八尾市
0%
沖縄県 恩納村
0%
No matching quizzes found
Score Distribution
Percent of People with Each Score
Percentile by Number Answered
Your Score History
You have not taken this quiz